Enfoque basado en derechos humanos (Registro nro. 169178)
[ vista simple ]
| 000 -LEADER | |
|---|---|
| fixed length control field | 02221nam a22002897a 4500 |
| 007 - PHYSICAL DESCRIPTION FIXED FIELD--GENERAL INFORMATION | |
| fixed length control field | cr|||| |||| |
| 008 - FIXED-LENGTH DATA ELEMENTS--GENERAL INFORMATION | |
| fixed length control field | 201211s2014 co |||||s|||| 00||0 spa d |
| 020 ## - INTERNATIONAL STANDARD BOOK NUMBER | |
| International Standard Book Number | 978-958-716-698-9 |
| 035 ## - | |
| -- | 32254 |
| 040 ## - CATALOGING SOURCE | |
| Original cataloging agency | vLex |
| 090 ## - | |
| -- | 10942 |
| -- | 10942 |
| 100 1# - MAIN ENTRY--PERSONAL NAME | |
| Personal name | Sañudo Pazos, María Fernanda |
| 245 10 - TITLE STATEMENT | |
| Title | Enfoque basado en derechos humanos |
| Medium | [Recurso electrónico] : |
| Remainder of title | Guía para su uso en incidencia política y políticas públicas / |
| Statement of responsibility, etc | María Fernanda Sañudo Pazos, Ricardo Sánchez Cárcamo |
| 256 ## - | |
| -- | Servicio en línea |
| 260 ## - PUBLICATION, DISTRIBUTION, ETC. (IMPRINT) | |
| Place of publication, distribution, etc | Bogotá: |
| Name of publisher, distributor, etc | Pontificia Universidad Javeriana, |
| Date of publication, distribution, etc | 2014 |
| 300 ## - PHYSICAL DESCRIPTION | |
| Extent | 1 recurso electrónico |
| 500 ## - GENERAL NOTE | |
| General note | Este libro tiene como finalidad brindar a los lectores y las lectoras conceptos y herramientas para incorporar el enfoque basado en derechos humanos a las acciones que, por un lado, realiza la sociedad civil organizada para exigir el cumplimiento de las obligacion es estatales en materia de la protección, garantía y respeto de los derechos humanos y, por otro, a las estrategias que los entes gubernamentales despliegan para avanzar en la realización de los derechos de ciudadanos y ciudadanas, en específico en el diseño y puesta en marcha de políticas públicas. Así, este texto ofrece los elementos teóricos y prácticos para que actores de la sociedad civil y funcionarias y funcionarios públicos, tengan la capacidad de usar en sus acciones los principios de la normativa internacional y regional para la defensa de los derechos humanos. |
| 506 1# - RESTRICTIONS ON ACCESS NOTE | |
| Terms governing access | Disponible solo en los productos indicados |
| Authorized users | vLex Global |
| -- | vLex Global (Academic Edition, excluding Law Schools) |
| -- | vLex Global (U.S. Academic Edition, Law Schools) |
| -- | vLex Global (U.S. Academic Edition, excluding Law Schools) |
| -- | vLex Global (Academic Edition, Law Schools) |
| 650 04 - SUBJECT ADDED ENTRY--TOPICAL TERM | |
| Topical term or geographic name as entry element | Derecho Constitucional |
| Geographic subdivision | Colombia |
| 650 04 - SUBJECT ADDED ENTRY--TOPICAL TERM | |
| Topical term or geographic name as entry element | Economía Española |
| Geographic subdivision | Colombia |
| 650 04 - SUBJECT ADDED ENTRY--TOPICAL TERM | |
| Topical term or geographic name as entry element | Administración Pública |
| Geographic subdivision | Colombia |
| 700 1# - ADDED ENTRY--PERSONAL NAME | |
| Personal name | Sánchez Cárcamo, Ricardo |
| 740 0# - | |
| -- | vLex Libros (Servicio en línea) |
| 856 40 - LOCALIZACIÓN Y ACCESO ELECTRÓNICO | |
| Identificador Uniforme del Recurso (URI/URL) | https://app.vlex.com/#/sources/enfoque-basado-en-derechos-humanos-guia-para-su-uso-en-incidencia-politica-y-politicas-publicas-32254 |
| 942 ## - | |
| -- | RAA |
| 999 ## - | |
| -- | 169178 |
| -- | 169178 |
No hay ítems disponibles.